[Event "Regionalliga SO 1314"]
[Site "Bayern"]
[Date "2014.02.23"]
[Round "7.8"]
[White "Huber, Josef"]
[Black "Stangl, Ludwig"]
[Result "1-0"]
[WhiteElo "1897"]
[BlackElo "1795"]
[PlyCount "45"]
[EventDate "2013.10.13"]
[EventType "team-tourn"]
[EventRounds "9"]
[EventCountry "GER"]
[SourceTitle "EXT 2015"]
[Source "ChessBase"]
[SourceDate "2014.11.20"]
[SourceVersion "1"]
[SourceVersionDate "2014.11.20"]
[SourceQuality "1"]
[WhiteTeam "Bruckmuehl"]
[BlackTeam "Ebersberg Grafing"]
[WhiteTeamCountry "GER"]
[BlackTeamCountry "GER"]

1. e4 e6 2. d4 d5 3. Nc3 dxe4 4. Nxe4 Be7 5. Nf3 Nf6 6. Bd3 Nbd7 7. Nxf6+ Nxf6 8. Ne5 c5 9. dxc5 Qd5 10. Bb5+ Kf8 11. Qxd5 Nxd5 12. Nd3 a6 13. Ba4 g5 14. h4 gxh4 15. Bh6+ Kg8 16. 0-0-0 b5 17. cxb6 Bb7 18. Ne5 Rc8 19. Rd4 Nf6 20. Rhxh4 Be4 21. Rhxe4 Nxe4 22. Rxe4 f5 23. Bd7 1-0